Statistiques concernant Capitales des pays 197 à 205

Cliquez ici pour prendre le quiz!

Statistiques générales

  • Ce quiz a été pris 58 fois
  • Le résultat moyen est 4 sur 9

Statistiques - réponses

payscapitale% Correct
PalestineJ{érusalem}
ou R{amallah}
85%
GroenlandN{uuk}
73%
ArubaO{ranjestad}
40%
NiueA{lofi}
33%
CuraçaoW{illemstad}
33%
Îles FéroéT{órshavn}
29%
Îles CookA{varua}
27%
Sahara occidentalE{l-Aaiún} (L{aayoune})
ou T{ifariti}
23%
Sint MaartenP{hilipsburg}
19%

Distribution des résultats

Percentile par nombre de réponses

% des personnes avec chaque résultat

Votre développement - résultats

Vous n’avez pas pris ce quiz